<?xml version="1.0" encoding="UTF-8"?>
<record
    xmlns:xsi="http://www.w3.org/2001/XMLSchema-instance"
    xsi:schemaLocation="http://www.loc.gov/MARC21/slim http://www.loc.gov/standards/marcxml/schema/MARC21slim.xsd"
    xmlns="http://www.loc.gov/MARC21/slim">

  <leader>00600nam a2200205 i 4500</leader>
  <controlfield tag="001">sa 66007885 </controlfield>
  <controlfield tag="003">DLC</controlfield>
  <controlfield tag="005">20260227112308.0</controlfield>
  <controlfield tag="008">811026s1966    ii            00011 hin  </controlfield>
  <datafield tag="010" ind1=" " ind2=" ">
    <subfield code="a">sa 66007885 //r81</subfield>
  </datafield>
  <datafield tag="025" ind1=" " ind2=" ">
    <subfield code="a">PL480:I-H-3411</subfield>
  </datafield>
  <datafield tag="050" ind1="0" ind2=" ">
    <subfield code="a">PK2098.A88</subfield>
    <subfield code="b">E45</subfield>
  </datafield>
  <datafield tag="100" ind1="1" ind2="0">
    <subfield code="a">Avasthi, Rajendra,</subfield>
    <subfield code="d">1929-</subfield>
  </datafield>
  <datafield tag="245" ind1="1" ind2="0">
    <subfield code="a">Eka py&#x101;sa pahel&#x12B; :</subfield>
    <subfield code="b">25 kah&#x101;niy&#x101;m&#x310; /</subfield>
    <subfield code="c">R&#x101;jendra Avasth&#x12B;.</subfield>
  </datafield>
  <datafield tag="250" ind1=" " ind2=" ">
    <subfield code="a">[1. sa&#x1E43;skara&#x1E47;a].</subfield>
  </datafield>
  <datafield tag="260" ind1="0" ind2=" ">
    <subfield code="a">V&#x101;r&#x101;&#x1E47;as&#x12B; :</subfield>
    <subfield code="b">Hind&#x12B; Prac&#x101;raka Pustak&#x101;laya,</subfield>
    <subfield code="c">[19]66.</subfield>
  </datafield>
  <datafield tag="300" ind1=" " ind2=" ">
    <subfield code="a">29, 260 p. ;</subfield>
    <subfield code="c">19 cm.</subfield>
  </datafield>
  <datafield tag="500" ind1=" " ind2=" ">
    <subfield code="a">In Hindi.</subfield>
  </datafield>
  <datafield tag="500" ind1=" " ind2=" ">
    <subfield code="a">Short stories.</subfield>
  </datafield>
  <datafield tag="999" ind1=" " ind2=" ">
    <subfield code="c">71472</subfield>
    <subfield code="d">71472</subfield>
  </datafield>
</record>
